all fnaf characters - Statistics

General Stats
  • This quiz has been taken 797 times
    762 since last reset
  • The average score is 88 of 445
Answer Stats
Five Nights at Freddy's Answer % Correct
%^^&(
100%
FNAF 1 Freddy
97%
Bonnie
96%
Chica
95%
Foxy
95%
Golden Freddy
92%
Toy Bonnie
76%
FNAF 2 Toy Freddy
76%
Mangle
75%
Toy Chica
75%
Balloon Boy
68%
Withered Chica
68%
Withered Freddy
68%
FNAF 3 Springtrap
67%
Withered Bonnie
66%
Withered Foxy
66%
Shadow Freddy
62%
Endo-01
61%
Nightmare
61%
Marionette
59%
marionette
59%
Phantom Freddy
59%
JJ
58%
Phone Guy
57%
Cupcake
56%
Phantom Chica
56%
Nightmare Bonnie
55%
Nightmare Chica
55%
FNAF 4 Nightmare Freddy
55%
Phantom Foxy
54%
William Afton
54%
Nightmare foxy
53%
Phantom Balloon Boy
53%
Endo-02
51%
Funtime Freddy
51%
Michael
51%
Ballora
50%
Funtime Foxy
50%
Withered Golden Freddy
50%
SL Circus Baby
49%
Fredbear
49%
Nightmare Fredbear
48%
Phantom Mangle
47%
Jack-o-Chica
45%
Plushtrap
45%
Springbonnie
45%
Crying Child
44%
Ennard
44%
Glamrock Chica
44%
FNAF SB Glamrock Freddy
44%
Jack-o-Bonnie
44%
Phantom Marionette
43%
Mike Schmidt
42%
Nightmare Mangle
42%
Scrap Baby
42%
Nightmare Balloon Boy
41%
Nightmarionne
41%
Scrap Trap
41%
Bon-Bon
40%
Lefty
40%
Molten Freddy
40%
Roxanne Wolf
40%
Vanessa
40%
Jeremy
39%
Vanny
39%
Freddles
38%
Funtime Chica
37%
Gregory
37%
Rockstar Chica
37%
FFPS Rockstar Freddy
37%
Rockstar Bonnie
36%
Bonnet
35%
Glamrock Bonnie
35%
Lolbit
35%
Minireena
35%
Mr. Hippo
35%
Nightmare Cupcake
35%
Rockstar Foxy
35%
Toy Cupcake
35%
FNAF World Dee-Dee
34%
Glitchtrap
34%
Helpy
34%
Yenndo
34%
Burntrap
33%
Montgomery Gator
33%
Sun
33%
Henry Emily
32%
Moon
32%
Bidybab
31%
Elizabeth Afton
31%
Fritz
31%
Happy Frog
31%
Music Man
31%
Neddbear
31%
The Mimic
31%
Electrobab
30%
Security
30%
Orville Elephant
29%
The Blob
29%
Cassidy
28%
El Chip
28%
Paperpals
28%
Cassie
27%
Charlotte Emily
27%
Dreadbear
27%
Michael Afton
27%
Pigpatch
27%
DJ Music Man
26%
Eclipse
26%
RWQFSFASXC
26%
S.T.A.F.F. Bot
25%
Map Bot
24%
Jeremy Fitzgerald
23%
Phone Dude
23%
Susie
23%
Gabriel
21%
UCN Xor
21%
Adventure Freddy
20%
Grimm Foxy
20%
Adventure Bonnie
19%
Adventure Chica
19%
Candy Cadet
19%
Old Man Consequences
19%
Security Puppet
19%
Adventure Foxy
18%
Fruit-Punch Clown
18%
Lemonade Clown
18%
Plush baby
18%
Mr. Hugs
17%
Adventure Balloon Boy
16%
Adventure Fredbear
16%
Adventure Mangle
16%
Adventure Toy Bonnie
16%
Adventure Toy Chica
16%
Adventure Toy Freddy
16%
Abby
15%
Adventure Nightmare
15%
Adventure Springtrap
15%
Sparky
15%
Adventure Golden Freddy
14%
Adventure Phantom Chica
14%
Adventure Phantom Freddy
14%
Adventure Withered Bonnie
14%
Adventure Withered Freddy
14%
Bucket Bob
14%
Golden Cupcake
14%
Pan Stan
14%
Ruined Glamrock Chica
14%
Shadow Cupcake
14%
Twisted Freddy
14%
Adventure JJ
13%
Adventure Marionette
13%
Adventure Nightmare Bonnie
13%
Adventure Nightmare Chica
13%
Adventure Nightmare Foxy
13%
Adventure Nightmare Freddy
13%
Adventure Phantom Foxy
13%
Adventure Spring Bonnie
13%
Adventure Withered Chica
13%
Adventure Withered Foxy
13%
Fritz Smith
13%
Glamrock Endo
13%
Hand Unit
13%
Mini Music Man
13%
Mr. Can-Do
13%
No. 1 Crate
13%
FNAF SB Ruin Ruined Glamrock Freddy
13%
Ruined Montgomery Gator
13%
Ruined Roxanne Wolf
13%
Tangle
13%
Twisted Bonnie
13%
Twisted Foxy
13%
Adventure Phantom Balloon Boy
12%
Adventure Phantom Mangle
12%
Adventure Phantom Marionette
12%
Egg Baby
12%
Funtime Cupcake
12%
Parrot
12%
Prize King
12%
Security Bot
12%
Twisted Chica
12%
Adventure Cupcake
11%
Adventure Endo-01
11%
Adventure Nightmare Fredbear
11%
Adventure Nightmarionne
11%
M.X.E.S.
11%
Shadow Balloon Boy
11%
Twisted Wolf
11%
Adventure Endo-02
10%
Adventure Jack-o-Bonnie
10%
Adventure Jack-o-Chica
10%
Adventure Nightmare Balloon Boy
10%
Adventure Plushtrap
10%
Adventure Shadow Freddy
10%
Adventure Toy Cupcake
10%
Eleanor
10%
Jack-o-Pumpkin
10%
Liberty Chica
10%
Scott Cawthon
10%
Wet Floor Bot
10%
Adventure Funtime Foxy
9%
Magician
9%
Prototype
9%
Browboy
8%
FNAF HW 2 Carnie
8%
Chocolate Bonnie
8%
Coffee
8%
Ella
8%
Fredbear Plush
8%
Freddy Frostbear
8%
Mask Bot
8%
Mystic Hippo
8%
Nightmare Endo
8%
Shadow Marionette
8%
White Rabbit
8%
8-Bit Baby
7%
Adventure Freddles
7%
Adventure Nightmare Cupcake
7%
Adventure Purple Guy
7%
Animdude
7%
Dave
7%
Easter Bonnie
7%
Endoplush
7%
Fetch
7%
Neon
7%
Redbear
7%
Shamrock Freddy
7%
Adventure Crying Child
6%
Adventure Paperpals
6%
Adventure RWQFSFASXC
6%
Bouncepot
6%
Clown Springtrap
6%
FNAF VR Dark Freddy
6%
Jack-O-Moon
6%
Little Joe
6%
Mendo
6%
Tape Girl
6%
Toxic Springtrap
6%
Bubba
5%
Burnt Foxy
5%
Captain Foxy
5%
Chicas Magic Rainbow
5%
Comedy Bot
5%
Dark Foxy
5%
Dark Springtrap
5%
Firework Freddy
5%
Glamrock Mr. Hippo
5%
Highscore Toy Chica
5%
John
5%
Max
5%
Mr. Chipper
5%
Neon Bonnie
5%
Neon Chica
5%
Party Bot
5%
Party Freddy
5%
Pizza Bot
5%
Porkpatch
5%
Ruined Glamrock Bonnie
5%
Springlock Suit
5%
VR Toy Freddy
5%
Fazbear Frights Yellow Rabbit
5%
Alien Bot
4%
Auto-Chipper
4%
Blackbird
4%
Blackheart Bonnie
4%
Black Ice Frostbear
4%
Blacklight Bonnie
4%
Blacklight Foxy
4%
Blacklight Freddy
4%
Bouncer
4%
Chippers Revenge
4%
Clockwork Ballora
4%
Garret
4%
Gold Endo
4%
Jessica
4%
Lonely Freddy
4%
Mad Endo
4%
Magician Mangle
4%
Nightmarionne S.T.A.F.F. Bot
4%
Overclock
4%
Radioactive Foxy
4%
Ruined Mini Music Men
4%
Seagoon
4%
Stanley
4%
Stitchwraith
4%
Sunken Toy Bonnie
4%
Supergoon
4%
System Error Toy Bonnie
4%
The Curse
4%
Theodore
4%
The Princess
4%
8-Bit Fredbear
3%
Adventure Jack-o-Pumpkin
3%
Aeronaut Toy Freddy
3%
Attendant Bot
3%
Aunt Jen
3%
Big Bad Foxy
3%
Blacklight Chica
3%
Boulder Toy Bonnie
3%
Broiler Baby
3%
Carlton
3%
Catrina Toy Chica
3%
Chop-n roll
3%
Cleaner Bot
3%
Dark Mangle
3%
FNAF AR Dark Water Endo
3%
Desk Man
3%
Eyesore
3%
Felix
3%
Flamethrower Endo
3%
Flaming Springtrap
3%
Flan
3%
Frostbite Balloon Boy
3%
Frost Plushtrap
3%
Gearrat
3%
Goldmine
3%
Great Escape Golden Freddy
3%
Heartsick Baby
3%
Jetpack Balloon Boy
3%
Little Red Chica
3%
Lucky Boy
3%
Melted Chocolate Bonnie
3%
Piranha Plushtrap
3%
Purplegeist
3%
Ringmaster Foxy
3%
Ruined DJ Music Man
3%
Scorching Chica
3%
Scrap Plush Baby
3%
Serpent Mangle
3%
Snowcone
3%
Steve Raglan
3%
Swamp Balloon Boy
3%
Virtua-Freddy
3%
Woodland Toy Freddy
3%
Amalgamation
2%
Artic Ballora
2%
Aunt Jane
2%
Ballboy
2%
Beartrap
2%
Boxbyte
2%
Chillax
2%
Circus Bonnie
2%
Circus Chica
2%
Circus Foxy
2%
Clay
2%
Clockwork Minireena
2%
Crabapple
2%
FAZ-GOO
2%
Friendly Face
2%
Glamrock Helpy
2%
Graveweed
2%
Head Chef Bot
2%
Instructor Bot
2%
Jason
2%
Lamar
2%
Marla
2%
Mechrab
2%
Meringue
2%
Metalman
2%
P.goon
2%
Plushtrap Chaser
2%
Quarry
2%
Ralpho
2%
Sammy Emily
2%
Sea Bonnies
2%
Security Guard (FNAF 3)
2%
Souldozer
2%
Suicide Bot
2%
Torch Cupcake
2%
Totemole
2%
!2222
1%
Afton Bot
1%
Balloon Bonnie
1%
Balloon Chica
1%
Balloon Foxy
1%
Balloon Freddy
1%
Beacon Bonnie
1%
Bird Suit
1%
Blacklight Cupcake
1%
Blacktrap
1%
Circus Freddy
1%
Coils
1%
Colossal
1%
Dale
1%
Detective Larson
1%
Dogfight
1%
Driver Bot
1%
Glitched Enemy 3
1%
Gumdrop Angel
1%
Gypsy
1%
Haunting Freddy
1%
Jangle
1%
Lion Suit
1%
Moldy Cupcake
1%
Neon Cupcake
1%
Plushkins
1%
Rosie Porkchop
1%
Rot
1%
Scorched Cupcake
1%
Scotts Head
1%
Others Scrap Chica
1%
Seaweed
1%
Simon
1%
Tag-Along Freddy
1%
The Puppet Carver
1%
Tombstack
1%
VR. Endo
1%
Worker Bot
1%
8-Bit Toy Cupcake
0%
Adult Baby
0%
Catrine Toy Cupcake
0%
Elephant Suit
0%
Kids At Play
0%
The Man In The Room 1280
0%
Torture Machine Head
0%
Young Charlie
0%
No matching quizzes found
Score Distribution
Percent of People with Each Score
Percentile by Number Answered
Your Score History
You have not taken this quiz since the last reset